[Event "Rated Blitz game"]
[Site "?"]
[Date "2021.11.18"]
[Round "?"]
[White "khatkevich71"]
[Black "Mrkool1_2020"]
[Result "1-0"]
[WhiteElo "2483"]
[BlackElo "2311"]
[PlyCount "35"]
[EventDate "2021.??.??"]
[EventType "blitz"]

1. e4 e5 2. Nf3 d5 3. exd5 e4 4. Qe2 Nf6 5. Nc3 Be7 6. Nxe4 Nxd5 7. d3 O-O 8.
Bd2 Re8 9. O-O-O f5 10. Bg5 fxe4 11. dxe4 Bxg5+ 12. Kb1 Rxe4 13. Qxe4 Nc3+ 14.
bxc3 Qxd1+ 15. Kb2 Bc1+ 16. Kb3 Bd7 17. Bc4+ Kh8 18. Rxd1 {Normal} 1-0

[Event "Rated Blitz game"]
[Site "?"]
[Date "2021.11.18"]
[Round "?"]
[White "digital264"]
[Black "fuglfonix"]
[Result "1-0"]
[WhiteElo "2272"]
[BlackElo "2402"]
[PlyCount "25"]
[EventDate "2021.??.??"]
[EventType "blitz"]

1. e4 e5 2. Nf3 d5 3. exd5 e4 4. Qe2 Nf6 5. Nc3 Be7 6. Nxe4 O-O 7. Nxf6+ Bxf6
8. Qc4 Re8+ 9. Be2 b6 10. O-O Ba6 11. Qa4 Bxe2 12. Re1 Bxf3 13. Rxe8+ {Normal}
1-0

[Event "Rated Blitz tournament UKebGTTP"]
[Site "?"]
[Date "2021.11.18"]
[Round "?"]
[White "abrito99"]
[Black "posazh"]
[Result "1-0"]
[WhiteElo "2569"]
[BlackElo "2340"]
[PlyCount "97"]
[EventDate "2021.??.??"]
[EventType "blitz"]

1. e4 e5 2. Nf3 d5 3. exd5 e4 4. Qe2 Qe7 5. Nc3 exf3 6. gxf3 Qxe2+ 7. Bxe2 a6
8. d3 g6 9. Bf4 Bd6 10. Be3 Ne7 11. Bd4 O-O 12. Ne4 Nxd5 13. c4 f5 14. Nxd6
cxd6 15. cxd5 Nd7 16. h4 Nf6 17. Bxf6 Rxf6 18. Kd2 Bd7 19. Rac1 Rf7 20. h5 Kg7
21. h6+ Kf6 22. f4 Bb5 23. b3 a5 24. a4 Ba6 25. Rc3 g5 26. fxg5+ Kxg5 27. Rh5+
Kf6 28. Rh3 Ke5 29. Bf3 Rg8 30. Rh4 Rg1 31. d4+ Kf6 32. Rc8 Rf1 33. Rh2 Rb1 34.
Kc2 Re1 35. Kd2 Rb1 36. Bd1 Re7 37. Rf8+ Kg5 38. Rh5+ Kf4 39. Rhxf5+ Ke4 40.
Bc2+ Kxd4 41. Bxb1 Re2+ 42. Kd1 Kc3 43. Rf3+ Kb2 44. Bd3 Bxd3 45. Rxd3 Re5 46.
Rb8 Rh5 47. Rxb7 Rxh6 48. b4 Rh1+ 49. Kd2 {Time forfeit} 1-0

[Event "Rated Blitz tournament Adgz9a4N"]
[Site "?"]
[Date "2021.11.18"]
[Round "?"]
[White "yoseph2013"]
[Black "I_love_Katya2005"]
[Result "1-0"]
[WhiteElo "2684"]
[BlackElo "2346"]
[PlyCount "97"]
[EventDate "2021.??.??"]
[EventType "blitz"]

1. e4 e5 2. Nf3 d5 3. exd5 e4 4. Qe2 Nf6 5. Nc3 Be7 6. Nxe4 Nxd5 7. d4 O-O 8.
Qc4 Be6 9. Qb5 Nd7 10. Bd3 N7b6 11. c4 Nb4 12. Bb1 Bxc4 13. Qh5 Nd3+ 14. Kd2 g6
15. Qh6 Nxc1 16. Rxc1 Bd5 17. Neg5 Bxg5+ 18. Nxg5 Re8 19. Qxh7+ Kf8 20. Qh8+
Ke7 21. Qg7 Be6 22. Bxg6 Rg8 23. Nxe6 Rxg7 24. Nxd8 Rxd8 25. Be4 Rxd4+ 26. Ke3
Rb4 27. Rxc7+ Kd6 28. Rxb7 Rxe4+ 29. Kxe4 f5+ 30. Kxf5 Rxb7 31. b3 Nd5 32. g4
Rf7+ 33. Kg6 Rxf2 34. h4 Ne7+ 35. Kg5 Rd2 36. h5 Rd5+ 37. Kf6 Ng8+ 38. Kg6 Ne7+
39. Kf7 Rg5 40. Rd1+ Nd5 41. Rg1 Ne3 42. h6 Nxg4 43. h7 Rh5 44. Kg7 Nh6 45.
Rg6+ Ke5 46. Rxh6 Rg5+ 47. Rg6 Rh5 48. h8=Q Rxh8 49. Kxh8 {Normal} 1-0

[Event "Rated Blitz game"]
[Site "?"]
[Date "2021.11.18"]
[Round "?"]
[White "z2win"]
[Black "mehditarkibi"]
[Result "0-1"]
[WhiteElo "2420"]
[BlackElo "2329"]
[PlyCount "96"]
[EventDate "2021.??.??"]
[EventType "blitz"]

1. e4 e5 2. Nf3 d5 3. d4 exd4 4. Qxd4 dxe4 5. Qxe4+ Be7 6. Nc3 Nf6 7. Qh4 O-O
8. Bd3 g6 9. O-O h5 10. Bg5 Bg4 11. Ne5 Nc6 12. Nxg4 Nxg4 13. Bxe7 Qxe7 14.
Qxe7 Nxe7 15. Ne4 Kg7 16. Rfe1 Nd5 17. c4 Ndf6 18. Ng5 Rfd8 19. Rad1 Rd7 20. h3
Nh6 21. Be2 Rad8 22. Rxd7 Rxd7 23. Bf3 c6 24. Re2 Nf5 25. g3 Nd4 26. Re3 Nc2
27. Rc3 Nd4 28. Kg2 Ne8 29. Rd3 Nf6 30. Rd1 Nxf3 31. Rxd7 Nh4+ 32. gxh4 Nxd7
33. b3 Ne5 34. f4 Nd3 35. Kf3 Nc1 36. Ne4 Nxa2 37. Ke3 Nc1 38. b4 b6 39. Kd4
Na2 40. b5 c5+ 41. Kd5 Nb4+ 42. Kd6 a5 43. bxa6 Nxa6 44. Kc6 Nb4+ 45. Kxb6 Nd3
46. Nxc5 Nxf4 47. Nd7 Ne6 48. c5 f5 {Time forfeit} 0-1

[Event "Rated Blitz game"]
[Site "?"]
[Date "2021.11.18"]
[Round "?"]
[White "Lightlike"]
[Black "Futuregm03pro"]
[Result "1-0"]
[WhiteElo "2627"]
[BlackElo "2681"]
[PlyCount "117"]
[EventDate "2021.??.??"]
[EventType "blitz"]

1. e4 e5 2. Nf3 d5 3. Nxe5 Bd6 4. d4 dxe4 5. Nc4 Nf6 6. Nc3 O-O 7. Bg5 Be7 8.
Qd2 Nbd7 9. O-O-O Nb6 10. Ne3 c6 11. f3 exf3 12. gxf3 Be6 13. Rg1 Kh8 14. Kb1
Nfd5 15. Bxe7 Qxe7 16. Nexd5 Nxd5 17. Ne4 Qb4 18. Qxb4 Nxb4 19. a3 Nd5 20. Bd3
b6 21. Ng5 h6 22. Nxe6 fxe6 23. Be4 Rac8 24. Rde1 c5 25. Bxd5 exd5 26. Re7 g5
27. h4 cxd4 28. hxg5 hxg5 29. Rxg5 Rxf3 30. Rxd5 Rf2 31. Rxd4 Rfxc2 32. Rxa7
R2c6 33. Ka2 Kg8 34. Rdd7 Rg6 35. a4 Rf8 36. Rab7 Ra8 37. b3 Re8 38. Ka3 Ra8
39. Kb4 Rc8 40. Rd5 Rg3 41. Rxb6 Rcc3 42. Ka3 Kf7 43. Rd7+ Ke8 44. Rh7 Rc8 45.
Rbb7 Rg8 46. a5 Ra8 47. b4 Kd8 48. Ka4 Kc8 49. Rhc7+ Kd8 50. Rg7 Rxg7 51. Rxg7
Ra6 52. b5 Rh6 53. a6 Kc8 54. Ka5 Kb8 55. Re7 Kc8 56. a7 Ra6+ 57. bxa6 Kd8 58.
Rh7 Kc8 59. a8=Q# {Normal} 1-0

[Event "Rated Blitz game"]
[Site "?"]
[Date "2021.11.18"]
[Round "?"]
[White "janqis"]
[Black "batasjon"]
[Result "1-0"]
[WhiteElo "2423"]
[BlackElo "2423"]
[PlyCount "79"]
[EventDate "2021.??.??"]
[EventType "blitz"]

1. e4 e5 2. Nf3 d5 3. Nxe5 Bd6 4. d4 dxe4 5. Bc4 Bxe5 6. dxe5 Qxd1+ 7. Kxd1 Nc6
8. Bf4 Nge7 9. Bb5 Bf5 10. Nc3 O-O-O+ 11. Kc1 h6 12. h3 g5 13. Bh2 Nd4 14. Re1
e3 15. Bd3 exf2 16. Rf1 Bxd3 17. cxd3 Ndf5 18. Kd2 Rd4 19. Ne2 Rd5 20. Rac1
Rhd8 21. Rc3 Rb5 22. b3 Nd5 23. Rcc1 Nb4 24. Rxf2 Rxd3+ 25. Ke1 Ne3 26. Rxf7 c6
27. g4 Rd8 28. Kf2 Ned5 29. e6 Re8 30. Nd4 Ra5 31. a4 Nc7 32. Rxc7+ Kd8 33.
Rxb7 Rd5 34. Rb8+ Ke7 35. Nf5+ Kxe6 36. Rxe8+ Kf7 37. Re7+ Kf6 38. Be5+ Rxe5
39. Rxe5 Kxe5 40. Rc5+ {Time forfeit} 1-0

[Event "Rated Blitz game"]
[Site "?"]
[Date "2021.11.18"]
[Round "?"]
[White "magnus2022"]
[Black "Porgy"]
[Result "1-0"]
[WhiteElo "2545"]
[BlackElo "2399"]
[PlyCount "61"]
[EventDate "2021.??.??"]
[EventType "blitz"]

1. e4 e5 2. Nf3 d5 3. exd5 Bd6 4. Nc3 Nf6 5. Bb5+ c6 6. dxc6 O-O 7. d3 bxc6 8.
Bc4 Bg4 9. h3 Bh5 10. O-O Nbd7 11. Bg5 Qc7 12. g4 Bg6 13. Re1 Rfe8 14. Ne4 Nd5
15. Nxd6 Qxd6 16. Bh4 Rab8 17. Rb1 Nf4 18. Kh2 Nb6 19. Bb3 Nbd5 20. Bg3 h5 21.
Bxd5 Nxd5 22. Nxe5 hxg4 23. Nxg6 Qxg6 24. Bxb8 Rxb8 25. Qxg4 Qd6+ 26. Qg3 Qd8
27. Rg1 g6 28. b3 Ne7 29. Rbe1 Nf5 30. Qf4 a5 31. Qxf5 {Normal} 1-0

[Event "Rated Blitz game"]
[Site "?"]
[Date "2021.11.18"]
[Round "?"]
[White "WaisT"]
[Black "Sdjordje12345_s"]
[Result "1-0"]
[WhiteElo "2423"]
[BlackElo "2353"]
[PlyCount "71"]
[EventDate "2021.??.??"]
[EventType "blitz"]

1. e4 e5 2. Nf3 d5 3. exd5 e4 4. Nd4 c6 5. Nc3 Nf6 6. Bc4 Bc5 7. Nb3 Bb6 8.
dxc6 Nxc6 9. O-O Bg4 10. Qe1 h5 11. Nxe4 O-O 12. d3 Nxe4 13. Qxe4 Kh8 14. Be3
f5 15. Qd5 Bxe3 16. fxe3 Qg5 17. Rae1 Rad8 18. Qb5 a6 19. Qxb7 Ne5 20. Nd4 Nxc4
21. dxc4 Rd6 22. c5 Rg6 23. Rf2 f4 24. exf4 Rxf4 25. Qb8+ Kh7 26. Qxf4 Qxc5 27.
c3 Bh3 28. Re3 Rg4 29. Qf5+ Qxf5 30. Nxf5 Rg5 31. Rxh3 a5 32. Rg3 a4 33. Rxg5
a3 34. Rxg7+ Kh8 35. Re2 h4 36. Re8# {Normal} 1-0

[Event "Rated Blitz game"]
[Site "?"]
[Date "2021.11.18"]
[Round "?"]
[White "NATURAL_BELIEVER"]
[Black "KamranShirazi"]
[Result "0-1"]
[WhiteElo "2595"]
[BlackElo "2625"]
[PlyCount "48"]
[EventDate "2021.??.??"]
[EventType "blitz"]

1. e4 e5 2. Nf3 d5 3. Nxe5 Bd6 4. d4 dxe4 5. Bc4 Bxe5 6. dxe5 Qxd1+ 7. Kxd1
Bg4+ 8. Be2 Bxe2+ 9. Kxe2 Nc6 10. Ke3 Nxe5 11. Kxe4 Ng4 12. Kf3 h5 13. Re1+ Kd7
14. h3 N4f6 15. Nc3 Ne7 16. Bf4 Rae8 17. Rad1+ Kc8 18. Nb5 Ned5 19. Nxa7+ Kb8
20. Nb5 Rxe1 21. Rxe1 Nxf4 22. Kxf4 c6 23. Nd6 Rf8 24. Re7 Nd5+ {Normal} 0-1

[Event "Rated Blitz game"]
[Site "?"]
[Date "2021.11.18"]
[Round "?"]
[White "SySpector"]
[Black "Futuregm03pro"]
[Result "1-0"]
[WhiteElo "2686"]
[BlackElo "2710"]
[PlyCount "81"]
[EventDate "2021.??.??"]
[EventType "blitz"]

1. e4 e5 2. Nf3 d5 3. d4 exd4 4. Qxd4 Nf6 5. e5 Ne4 6. Nc3 Bc5 7. Qa4+ Bd7 8.
Qb3 Bxf2+ 9. Kd1 Bb6 10. Bd3 Nf2+ 11. Ke2 Nxh1 12. Bg5 f6 13. exf6 gxf6 14. Bh4
Qe7+ 15. Kf1 O-O 16. Nxd5 Qf7 17. Bc4 Kg7 18. Nxb6 axb6 19. Bxf7 Rxf7 20. g3
Bc6 21. Nd4 Be4 22. Re1 f5 23. Ne6+ Kg6 24. Ng5 Re7 25. Nxe4 Re8 26. Qe3 fxe4
27. Qg5+ Kf7 28. Qf6+ Kg8 29. Kg2 Nd7 30. Qg5+ Kf7 31. Qh6 Ne5 32. Qxh7+ Ke6
33. Rf1 Kd5 34. Qf5 Kc6 35. Rd1 Kb5 36. Qxe4 Ka6 37. Qd5 Ka7 38. Qb3 Red8 39.
Qe3 Kb8 40. Qxe5 Kc8 41. Rxd8# {Normal} 1-0

[Event "Rated Blitz game"]
[Site "?"]
[Date "2021.11.18"]
[Round "?"]
[White "supertoys"]
[Black "Roberto_Baggio1978"]
[Result "0-1"]
[WhiteElo "2529"]
[BlackElo "2626"]
[PlyCount "68"]
[EventDate "2021.??.??"]
[EventType "blitz"]

1. e4 e5 2. Nf3 d5 3. Nxe5 Bd6 4. d4 dxe4 5. Nc4 Nf6 6. Nxd6+ Qxd6 7. Be2 O-O
8. O-O Nc6 9. c3 Ne7 10. Nd2 Ng6 11. Re1 b6 12. Nf1 Bb7 13. Bc4 Kh8 14. Bg5
Rae8 15. Ne3 Nd5 16. Nxd5 Bxd5 17. Bb5 c6 18. Bf1 f5 19. c4 Bg8 20. c5 Qd5 21.
cxb6 axb6 22. b3 f4 23. h4 h6 24. Bc4 Qf5 25. h5 Qxg5 26. hxg6 f3 27. g3 Bxc4
28. bxc4 Qg4 29. Re3 Rf5 30. Kf1 Rh5 31. Ke1 Rh1+ 32. Kd2 Rxd1+ 33. Rxd1 Qxg6
34. Kc3 Qd6 {Normal} 0-1

[Event "Rated Blitz game"]
[Site "?"]
[Date "2021.11.18"]
[Round "?"]
[White "Ted-Shpati_007"]
[Black "batasjon"]
[Result "0-1"]
[WhiteElo "2483"]
[BlackElo "2420"]
[PlyCount "88"]
[EventDate "2021.??.??"]
[EventType "blitz"]

1. e4 e5 2. Nf3 d5 3. exd5 e4 4. Qe2 Nf6 5. Nc3 Be7 6. Nxe4 O-O 7. d3 Re8 8.
Be3 Nxd5 9. O-O-O f5 10. Ned2 Nc6 11. Re1 f4 12. Bc5 Bg4 13. Bxe7 Rxe7 14. Ne4
Nd4 15. Qd2 Bxf3 16. gxf3 Nxf3 17. Qd1 Nxe1 18. Qxe1 f3 19. Bh3 Qf8 20. Rg1
Rae8 21. Kb1 Nf6 22. Nxf6+ Qxf6 23. Qd2 Re2 24. Qb4 Qd4 25. Qb3+ Kh8 26. a3
Qxf2 27. Rg5 Qxh2 28. Bd7 f2 29. Qf7 R2e7 30. Qf3 Re1+ 31. Ka2 f1=Q 32. Qxb7
Ra1+ 33. Kb3 Qf7+ 34. Rd5 Rf8 35. Bb5 Qd6 36. Bc4 Qb6+ 37. Qxb6 axb6 38. Rd4
Qf6 39. Re4 b5 40. Bxb5 g5 41. Bc4 Rb1 42. c3 Rb8+ 43. Kc2 Qf1 44. d4 Qd1# {
Normal} 0-1

[Event "Rated Blitz game"]
[Site "?"]
[Date "2021.11.18"]
[Round "?"]
[White "Kote-20C"]
[Black "Konevoyazher"]
[Result "1-0"]
[WhiteElo "2464"]
[BlackElo "2336"]
[PlyCount "63"]
[EventDate "2021.??.??"]
[EventType "blitz"]

1. e4 e5 2. Nf3 d5 3. Nxe5 dxe4 4. Bc4 Qg5 5. Nxf7 Qxg2 6. Rf1 Bg4 7. Be2 Bxe2
8. Qxe2 Kxf7 9. Qc4+ Ke8 10. Qxc7 Nd7 11. Qxb7 Nb6 12. Nc3 Nf6 13. d3 Bb4 14.
Bd2 Rf8 15. O-O-O Rf7 16. Qc6+ Kf8 17. Kb1 Rc8 18. Qb5 exd3 19. Qxb4+ Kg8 20.
cxd3 Rfc7 21. Ne4 Nxe4 22. Qxe4 Qxh2 23. Rh1 Qd6 24. Qxh7+ Kf7 25. Qh5+ Kg8 26.
Qh7+ Kf7 27. Rdg1 Qf6 28. Bc3 Rxc3 29. bxc3 Qxc3 30. Qf5+ Kg8 31. Qe6+ Kf8 32.
Rh8# {Normal} 1-0

[Event "Rated Blitz game"]
[Site "?"]
[Date "2021.11.18"]
[Round "?"]
[White "SySpector"]
[Black "Futuregm03pro"]
[Result "0-1"]
[WhiteElo "2685"]
[BlackElo "2711"]
[PlyCount "80"]
[EventDate "2021.??.??"]
[EventType "blitz"]

1. e4 e5 2. Nf3 d5 3. d4 exd4 4. e5 Nc6 5. Bb5 Bd7 6. O-O Bc5 7. Nbd2 Nge7 8.
Re1 O-O 9. Nf1 a6 10. Bd3 Bf5 11. Ng3 Bxd3 12. Qxd3 Ng6 13. Qf5 Re8 14. Qh5 h6
15. e6 Qf6 16. Qxd5 Bb4 17. Nh5 Qe7 18. Bxh6 Bxe1 19. Rxe1 gxh6 20. Qf5 Qf8 21.
Nf6+ Kh8 22. Ng5 hxg5 23. Qh3+ Nh4 24. Qg4 Qh6 25. Nxe8 Rxe8 26. g3 Rxe6 27.
Rxe6 Qxe6 28. Qh5+ Kg7 29. gxh4 gxh4 30. Qxh4 Qg6+ 31. Kf1 Qf6 32. Qg4+ Qg6 33.
Qh4 Qxc2 34. Qg3+ Qg6 35. Qxc7 d3 36. Qd6 Qxd6 37. Ke1 d2+ 38. Kd1 Qd3 39. f4
Nd4 40. b3 Qc2# {Normal} 0-1

[Event "Rated Blitz game"]
[Site "?"]
[Date "2021.11.18"]
[Round "?"]
[White "mnfischer"]
[Black "superarthur"]
[Result "1-0"]
[WhiteElo "2216"]
[BlackElo "2438"]
[PlyCount "73"]
[EventDate "2021.??.??"]
[EventType "blitz"]

1. e4 e5 2. Nf3 d5 3. Nxe5 Bd6 4. d4 dxe4 5. Bc4 Bxe5 6. dxe5 Qxd1+ 7. Kxd1 Nc6
8. Bf4 Bg4+ 9. Be2 O-O-O+ 10. Nd2 Bxe2+ 11. Kxe2 Nd4+ 12. Kd1 Ne7 13. Bg5 Rhe8
14. c3 Ne6 15. Bxe7 Rxe7 16. Kc2 Nc5 17. b4 Nd3 18. Nxe4 Rxe5 19. f3 f5 20. Ng3
Nf4 21. Rhe1 Rde8 22. Rxe5 Rxe5 23. Rg1 g6 24. Kd2 h5 25. h4 c5 26. a3 c4 27.
a4 Nd5 28. Ne2 Re3 29. Rc1 Rd3+ 30. Ke1 Ne3 31. Kf2 Nd5 32. a5 a6 33. g3 Kc7
34. Nf4 Rxc3 35. Nxd5+ Kd6 36. Rxc3 Kxd5 37. Ke3 {Normal} 1-0

[Event "Rated Blitz tournament 0H7qxt3a"]
[Site "?"]
[Date "2021.11.18"]
[Round "?"]
[White "Shamsutdin"]
[Black "Razario90"]
[Result "0-1"]
[WhiteElo "2431"]
[BlackElo "2400"]
[PlyCount "116"]
[EventDate "2021.??.??"]
[EventType "blitz"]

1. e4 e5 2. Nf3 d5 3. Nxe5 Bd6 4. d4 dxe4 5. Nc4 Be7 6. Be2 Nf6 7. Ne3 O-O 8.
O-O Bd6 9. c4 Nc6 10. c5 Be7 11. d5 Nb4 12. Nc3 Bxc5 13. a3 Na6 14. b4 Bd6 15.
Nc4 Bf5 16. Nxd6 cxd6 17. Bg5 h6 18. Bh4 Nc7 19. Bc4 Rc8 20. Qd4 g5 21. Bg3
Nce8 22. Bb3 a6 23. Rac1 Qe7 24. Rfe1 Nh5 25. Ne2 Nef6 26. Qe3 Bg6 27. Nd4 Nxg3
28. Qxg3 Nh5 29. Qg4 Rxc1 30. Rxc1 Qe5 31. Rd1 Nf4 32. Kf1 Bh5 33. Qf5 Bxd1 34.
Qxe5 dxe5 35. g3 exd4 36. Bxd1 Nxd5 37. Ke2 Nc3+ 38. Kd2 Nxd1 39. Kxd1 Rc8 40.
Kd2 Rc3 41. g4 Rf3 42. h3 Kf8 43. Ke1 b5 44. Ke2 Ke7 45. Ke1 Kd6 46. Ke2 Kd5
47. Ke1 Kc4 48. Ke2 Kb3 49. Kd2 Kxa3 50. Ke2 Kxb4 51. Kf1 Kc3 52. Kg2 Kd2 53.
h4 gxh4 54. Kh2 Ke2 55. g5 hxg5 56. Kg2 d3 57. Kh2 Kxf2 58. Kh1 Rh3# {Normal}
0-1

[Event "Rated Blitz game"]
[Site "?"]
[Date "2021.11.18"]
[Round "?"]
[White "tamur"]
[Black "blastol"]
[Result "0-1"]
[WhiteElo "2415"]
[BlackElo "2524"]
[PlyCount "50"]
[EventDate "2021.??.??"]
[EventType "blitz"]

1. e4 e5 2. Nf3 d5 3. exd5 Bd6 4. Nc3 Nf6 5. d4 e4 6. Nd2 O-O 7. Be2 Re8 8. O-O
Bb4 9. Re1 Bxc3 10. bxc3 Nxd5 11. Bb2 Bf5 12. Nf1 Nc6 13. Ne3 Nxe3 14. fxe3 Qg5
15. Bf1 Rad8 16. Qe2 Re6 17. c4 Rh6 18. Qf2 Qh5 19. g3 Bg4 20. d5 Ne7 21. Bg2
Qxh2+ 22. Kf1 Rdd6 23. Bxe4 Rdf6 24. Bxf6 Rxf6 25. Qxf6 Bh3+ {Normal} 0-1

[Event "Rated Blitz tournament r5EwewMc"]
[Site "?"]
[Date "2021.11.18"]
[Round "?"]
[White "Zombiechess123"]
[Black "Maltinho"]
[Result "0-1"]
[WhiteElo "2470"]
[BlackElo "2587"]
[PlyCount "104"]
[EventDate "2021.??.??"]
[EventType "blitz"]

1. e4 e5 2. Nf3 d5 3. exd5 Bd6 4. d3 Nf6 5. Bg5 h6 6. Bxf6 Qxf6 7. Nc3 O-O 8.
Be2 a6 9. Ne4 Qg6 10. O-O f5 11. Nxd6 cxd6 12. h3 f4 13. Kh1 Nd7 14. Nh2 Nf6
15. c4 h5 16. Bf3 Qg5 17. Qd2 Bf5 18. Rg1 Rae8 19. b4 Qg6 20. c5 Ng4 21. c6
bxc6 22. dxc6 Nxh2 23. Kxh2 Bxd3 24. Bd5+ Kh8 25. f3 Qg3+ 26. Kh1 Bf5 27. Qe1
Qg5 28. Be4 Be6 29. Rc1 d5 30. Bb1 Bc8 31. Qf2 e4 32. fxe4 dxe4 33. a4 e3 34.
Qc2 Bf5 35. Qc5 e2 36. c7 f3 37. gxf3 Qxc1 38. Rxc1 e1=Q+ 39. Rxe1 Rxe1+ 40.
Kg2 Re2+ 41. Kg3 Ree8 42. Bxf5 g6 43. Bxg6 Rg8 44. Qxh5+ Kg7 45. Qh7+ Kf6 46.
Qf7+ Ke5 47. Qf5+ Kd4 48. Kf4 Kc3 49. Qc5+ Kd2 50. Bf5 Rgf8 51. c8=Q Rxf5+ 52.
Q5xf5 Re5 {Time forfeit} 0-1

[Event "Rated Blitz game"]
[Site "?"]
[Date "2021.11.18"]
[Round "?"]
[White "alina0220"]
[Black "Roberto_Baggio1978"]
[Result "1-0"]
[WhiteElo "2685"]
[BlackElo "2632"]
[PlyCount "37"]
[EventDate "2021.??.??"]
[EventType "blitz"]

1. e4 e5 2. Nf3 d5 3. exd5 e4 4. Qe2 Nf6 5. d3 Qxd5 6. Nbd2 Nc6 7. dxe4 Qh5 8.
e5 Ng4 9. Nc4 Be6 10. Bg5 h6 11. Bh4 g5 12. h3 gxh4 13. hxg4 Bxg4 14. Rxh4 Qg6
15. O-O-O Bxf3 16. Qxf3 Be7 17. Rg4 Qe6 18. Bd3 b5 19. Be4 {Normal} 1-0

[Event "Rated Blitz game"]
[Site "?"]
[Date "2021.11.18"]
[Round "?"]
[White "supertoys"]
[Black "Artem_0degov"]
[Result "0-1"]
[WhiteElo "2525"]
[BlackElo "2523"]
[PlyCount "72"]
[EventDate "2021.??.??"]
[EventType "blitz"]

1. e4 e5 2. Nf3 d5 3. Nxe5 Bd6 4. d4 dxe4 5. Nc4 Nf6 6. Nxd6+ Qxd6 7. Be2 O-O
8. O-O Nc6 9. c3 Bf5 10. Re1 Rad8 11. Nd2 Rfe8 12. Nf1 Bg6 13. Bg5 h6 14. Bh4
Ne7 15. Bg3 Qd7 16. Qb3 b6 17. Qa3 Nf5 18. Be5 Nd5 19. c4 Nde7 20. Qxa7 Nc6 21.
Qxc7 Nxe5 22. Qxb6 Nxd4 23. Ne3 Nd3 24. Bxd3 exd3 25. Nd5 d2 26. Red1 Nc2 27.
Rab1 Re1+ 28. Rxe1 dxe1=Q+ 29. Rxe1 Nxe1 30. a4 Nd3 31. a5 Re8 32. h3 Be4 33.
Ne3 Nf4 34. a6 Nxh3+ 35. gxh3 Qxh3 36. a7 Qh1# {Normal} 0-1

[Event "Rated Blitz game"]
[Site "?"]
[Date "2021.11.18"]
[Round "?"]
[White "AnnaSchach"]
[Black "GrandeGila"]
[Result "0-1"]
[WhiteElo "2435"]
[BlackElo "2492"]
[PlyCount "68"]
[EventDate "2021.??.??"]
[EventType "blitz"]

1. e4 e5 2. Nf3 d5 3. exd5 e4 4. Qe2 Nf6 5. Nc3 Be7 6. Nxe4 Nxd5 7. d4 O-O 8.
Bd2 Bf5 9. O-O-O Nc6 10. h3 h6 11. g4 Bh7 12. g5 hxg5 13. Nfxg5 Bxg5 14. Nxg5
Bxc2 15. Qh5 Nf6 16. Qh4 Bxd1 17. Bd3 Qxd4 18. Bh7+ Kh8 19. f4 Bh5 20. Bc3 Qe3+
21. Kb1 Nxh7 22. Qxh5 Qd3+ 23. Ka1 Qg6 24. Qh4 Rfe8 25. Rg1 f6 26. Nf3 Qh6 27.
Qg4 Re7 28. h4 Rae8 29. Ng5 Qg6 30. h5 Qh6 31. Nf3 b5 32. Nh4 b4 33. Nf5 bxc3
34. bxc3 Re1+ {Time forfeit} 0-1

[Event "Rated Blitz game"]
[Site "?"]
[Date "2021.11.18"]
[Round "?"]
[White "vanya5661"]
[Black "RCompany_1"]
[Result "1-0"]
[WhiteElo "2460"]
[BlackElo "2388"]
[PlyCount "73"]
[EventDate "2021.??.??"]
[EventType "blitz"]

1. e4 e5 2. Nf3 d5 3. Nxe5 Bd6 4. d4 dxe4 5. Nc4 Be7 6. Nc3 Nf6 7. Be2 Nc6 8.
d5 Nb4 9. Ne3 c6 10. dxc6 Qxd1+ 11. Bxd1 Nxc6 12. O-O Be6 13. Re1 Rc8 14. a3
O-O 15. Be2 Nd4 16. Bf1 Rfd8 17. h3 a6 18. Kh1 b5 19. Kg1 h6 20. Rd1 Bc5 21.
Bd2 Bb6 22. Rac1 Rd7 23. Ne2 Rcd8 24. Bc3 Nxe2+ 25. Bxe2 Bxe3 26. fxe3 Nd5 27.
Bd4 f5 28. c4 Nf4 29. exf4 Rxd4 30. Rxd4 Rxd4 31. cxb5 Rd2 32. bxa6 Rxe2 33. a7
Bd5 34. Rd1 Bc6 35. Rd6 Bb7 36. Rd7 Rxb2 37. Rxb7 {Normal} 1-0

[Event "Rated Blitz game"]
[Site "?"]
[Date "2021.11.18"]
[Round "?"]
[White "pachanga1991"]
[Black "fuglfonix"]
[Result "1-0"]
[WhiteElo "2360"]
[BlackElo "2409"]
[PlyCount "101"]
[EventDate "2021.??.??"]
[EventType "blitz"]

1. e4 e5 2. Nf3 d5 3. Nxe5 Bd6 4. d4 dxe4 5. Nc3 Bxe5 6. dxe5 Qxd1+ 7. Nxd1 Nc6
8. Bf4 Nge7 9. Bb5 Bf5 10. Ne3 Bg6 11. Bg3 O-O-O 12. O-O Nd4 13. Ba4 Ne2+ 14.
Kh1 Nxg3+ 15. fxg3 c6 16. Bb3 Nd5 17. Nxd5 cxd5 18. Rad1 Rhe8 19. Bxd5 Rxe5 20.
Bxb7+ Kxb7 21. Rxd8 e3 22. c3 Kc6 23. Re1 a5 24. Kg1 Bc2 25. Re2 Bb1 26. a3 f5
27. Rd4 g5 28. h3 Kc5 29. b4+ axb4 30. axb4+ Kb5 31. Kf1 Ba2 32. Ke1 Bc4 33.
Rb2 e2 34. Rb1 Re3 35. Ra1 Rxc3 36. Rb1 Rxg3 37. Rc1 Bb3 38. Rc5+ Kb6 39. Kxe2
Rxg2+ 40. Kf1 Rh2 41. Rxf5 h6 42. Rf3 Kc6 43. Rxb3 Kb5 44. Re3 h5 45. Re5+ Ka4
46. Ra5+ Kb3 47. Rxg5 Rxh3 48. b5 Rf3+ 49. Kg2 Rc3 50. Rg3 Rxg3+ 51. Kxg3 {
Normal} 1-0

[Event "Rated Blitz game"]
[Site "?"]
[Date "2021.11.18"]
[Round "?"]
[White "DmitryAkimov"]
[Black "Fantastic_power06"]
[Result "0-1"]
[WhiteElo "2581"]
[BlackElo "2782"]
[PlyCount "73"]
[EventDate "2021.??.??"]
[EventType "blitz"]

1. e4 e5 2. Nf3 d5 3. exd5 e4 4. Qe2 Nf6 5. d3 Qxd5 6. Nc3 Bb4 7. Bd2 Bxc3 8.
Bxc3 O-O 9. dxe4 Nxe4 10. Rd1 Qf5 11. g4 Nxc3 12. bxc3 Qa5 13. Qd3 Nc6 14. Be2
Bxg4 15. Rg1 Bf5 16. Qd2 Bg6 17. h4 Rfe8 18. Kf1 Rad8 19. Qf4 Rxd1+ 20. Bxd1
Qxc3 21. Qxc7 Qc4+ 22. Kg2 h6 23. Qg3 Nd4 24. Nxd4 Qxd4 25. Kh2 h5 26. c3 Qf6
27. a3 Re5 28. Bb3 Rf5 29. Rg2 Rf4 30. Qxg6 Rxh4+ 31. Kg1 Qxg6 32. Rxg6 Re4 33.
Rd6 Re1+ 34. Kg2 g6 35. Rd7 Kg7 36. Rxf7+ Kh6 37. Rxb7 {Normal} 0-1

[Event "Rated Blitz game"]
[Site "?"]
[Date "2021.11.18"]
[Round "?"]
[White "Obinonoobie"]
[Black "bobbybaer"]
[Result "1-0"]
[WhiteElo "2445"]
[BlackElo "2295"]
[PlyCount "121"]
[EventDate "2021.??.??"]
[EventType "blitz"]

1. e4 e5 2. Nf3 d5 3. Nxe5 Bd6 4. d4 dxe4 5. Nc4 Nc6 6. Nxd6+ Qxd6 7. Be3 Nf6
8. c4 Bf5 9. Nc3 O-O-O 10. Qa4 Qb4 11. Qxb4 Nxb4 12. O-O-O Ng4 13. Be2 Nxe3 14.
fxe3 c6 15. Rhf1 Bg6 16. a3 Na6 17. Rf4 Rhe8 18. h4 h5 19. g4 hxg4 20. Bxg4+
Kb8 21. h5 Bh7 22. Rxf7 Bg8 23. Rxg7 Bxc4 24. h6 Nc7 25. h7 Nd5 26. Kd2 Nxc3
27. Kxc3 Bd5 28. Rh1 Rh8 29. Bf5 Rde8 30. Rh4 a6 31. Rgg4 Ka7 32. a4 a5 33. b4
axb4+ 34. Kxb4 Kb6 35. a5+ Ka6 36. Kc5 Kxa5 37. Rg1 b6+ 38. Kd6 Rd8+ 39. Ke5 b5
40. Bxe4 Bxe4 41. Kxe4 Rd7 42. Rgh1 b4 43. Kd3 Ka4 44. Kc4 Ka3 45. Ra1+ Kb2 46.
Ra6 b3 47. Rh2+ Kb1 48. Rb6 Rhxh7 49. Rxb3+ Kc1 50. Rc3+ Kb1 51. Rxh7 Rxh7 52.
Kc5 Kb2 53. Rc4 Kb3 54. Rc1 Rh6 55. e4 Kb2 56. Re1 Kc3 57. e5 Kd2 58. Rf1 Kd3
59. Rf6 Rh4 60. Rxc6 Rxd4 61. Rd6 {Normal} 1-0

[Event "Rated Blitz game"]
[Site "?"]
[Date "2021.11.18"]
[Round "?"]
[White "schwarzerSchimmel"]
[Black "Moskvin_Tolik"]
[Result "1-0"]
[WhiteElo "2470"]
[BlackElo "2485"]
[PlyCount "47"]
[EventDate "2021.??.??"]
[EventType "blitz"]

1. e4 e5 2. Nf3 d5 3. Nxe5 dxe4 4. d4 Bd6 5. Nc4 Nf6 6. Nc3 O-O 7. Bg5 h6 8.
Bh4 Bb4 9. Qd2 Nc6 10. O-O-O Bg4 11. Re1 Re8 12. f3 exf3 13. Rxe8+ Qxe8 14.
gxf3 Bxf3 15. Rg1 Ng4 16. h3 g5 17. hxg4 gxh4 18. Bd3 Rd8 19. Qxh6 Rxd4 20.
Bh7+ Kh8 21. Be4+ Kg8 22. Qh7+ Kf8 23. Bxf3 Qe3+ 24. Nxe3 {Normal} 1-0

[Event "Rated Blitz game"]
[Site "?"]
[Date "2021.11.18"]
[Round "?"]
[White "wild3000"]
[Black "Konevoyazher"]
[Result "1-0"]
[WhiteElo "2472"]
[BlackElo "2311"]
[PlyCount "41"]
[EventDate "2021.??.??"]
[EventType "blitz"]

1. e4 e5 2. Nf3 d5 3. Nxe5 dxe4 4. d4 exd3 5. Bxd3 Bd6 6. Nc4 Bc5 7. O-O Ne7 8.
Nc3 O-O 9. Qh5 f5 10. Bg5 Be6 11. Rad1 Bf7 12. Qh4 h6 13. Bf4 Ng6 14. Qxd8 Rxd8
15. Bxc7 Rc8 16. Bd6 Ne7 17. Rfe1 Kf8 18. Bxf5 Bxf2+ 19. Kxf2 Rxc4 20. Bxe7+
Kg8 21. Rd8+ {Normal} 1-0